| 000 | 00724nam a22002297a 4500 | ||
|---|---|---|---|
| 001 | 14500 | ||
| 003 | BD-JhCC | ||
| 005 | 20251229112508.0 | ||
| 008 | 251229b |||||||| |||| 00| 0 eng d | ||
| 020 | _a9879841803 | ||
| 035 | _a(BD-JhCC)14500 | ||
| 040 |
_aBD-JhCC _dBD-JhCC |
||
| 041 | _aবাংলা | ||
| 082 |
_223 _a891.443 _bAHM 2016 |
||
| 100 | _aআহমেদ, হুমায়ুন | ||
| 245 |
_aবিপদ / _cহুমায়ুন আাহমেদ |
||
| 260 |
_aঢাকাঃ _bশিখা প্রকাশনী, _c২০১৬ |
||
| 300 |
_a৬৩ পৃ.; _c২২ সেমি. _eপেপার বাইন্ডিং |
||
| 650 | _aবিপদ | ||
| 942 |
_2ddc _cBK |
||
| 999 |
_c14500 _d14500 |
||